| Tag |
First Indicator |
Second Indicator |
Subfields |
| LEADER |
00000cam a2200000 a 4500 |
| 001 |
in00000024772 |
| 005 |
20151007054409.0 |
| 008 |
871116s1988 njua b 00110 eng |
| 010 |
|
|
|a 87032742
|
| 020 |
|
|
|a 0887381340
|
| 035 |
|
|
|a (OCoLC)17108640
|
| 035 |
|
|
|9 AAB4930AM
|
| 040 |
|
|
|a DLC
|c DLC
|d TXA
|d UtOrBLW
|
| 049 |
|
|
|a TXAM
|c [A11502680]
|
| 050 |
0 |
0 |
|a H97
|b .H68 1988
|
| 082 |
0 |
|
|a 361.6/1
|2 19
|
| 100 |
1 |
|
|a House, Peter William,
|d 1937-
|
| 245 |
1 |
0 |
|a Rush to policy :
|b using analytic techniques in public sector decision making /
|c Peter W. House, Roger D. Shull.
|
| 264 |
|
1 |
|a New Brunswick, U.S.A. :
|b Transaction Books,
|c [1988]
|
| 264 |
|
4 |
|c ©1988
|
| 300 |
|
|
|a xi, 219 pages :
|b illustrations ;
|c 24 cm.
|
| 336 |
|
|
|a text
|b txt
|2 rdacontent
|
| 337 |
|
|
|a unmediated
|b n
|2 rdamedia
|
| 338 |
|
|
|a volume
|b nc
|2 rdacarrier
|
| 504 |
|
|
|a Includes bibliographies and index.
|
| 650 |
|
0 |
|a Policy sciences.
|
| 700 |
1 |
|
|a Shull, Roger D.
|q (Roger Don)
|
| 999 |
|
|
|a MARS
|
| 999 |
f |
f |
|s d41be773-84c7-3497-92b0-54e7c7df9798
|i 053e67a0-dd0e-3135-bd8d-09170fff8cab
|t 0
|
| 952 |
f |
f |
|p ric
|a Texas A&M University
|b Rellis Campus
|c Joint Library Facility
|d Remote Storage
|t 0
|e H97 .H68 1988
|h Library of Congress classification
|i unmediated -- volume
|m A14811502680
|
| 998 |
f |
f |
|a H97 .H68 1988
|t 0
|l Remote Storage
|